| 000 | 00583nam a2200205Ia 4500 | ||
|---|---|---|---|
| 003 | OSt | ||
| 005 | 20230412113136.0 | ||
| 008 | 210423s2007 xx 000 0 und d | ||
| 020 | _a9788178298658 | ||
| 040 | _cAL | ||
| 041 | _aeng | ||
| 082 | _a658 COND | ||
| 100 |
_aCONKLIN (David W). _986838 |
||
| 245 | _aCases in the environment of business: international perspectives. | ||
| 260 |
_aLos Angeles _bSage Publications _c2007 |
||
| 300 |
_axiv,604 _bPB |
||
| 365 |
_b675 _cINR |
||
| 906 | _abusiness: ; Cases ; environment ; international ; perspectives. | ||
| 942 |
_2ddc _cBK |
||
| 999 |
_c159599 _d159599 |
||